=LDR 00000nam 2200000 4500 =001 INLIS000000000039373 =005 20130612145014 =008 ***********************************ind** =035 ##$$0010-061300000039373 =041 ##$$a ind =082 ##$$a 641.5 =090 ##$$a 641.5, Mon s =100 ##$$a MARIYAMA, Yukiko =245 ##$$a Resep praktis ala jepang, Yuriko moniyama =260 ##$$a 2011 $b Yogyakarta =300 ##$$a 44 Hlm, Ilus, 20 cm =650 ##$$a MASAKAN-RESEP =850 ##$$a NBPNMAT =990 ##$$a 0001/BPAP-NTB/2016